000 00608nam a2200217 u 4500
005 20240910063823.0
008 100527s2009 r 000 0 eng d
020 _a9786071101228
035 _aUPN01000176170
049 _aCG
050 4 _aPS3558 I4.4
_bF3.6
100 1 _aHill, Joe,
_d1971-
245 1 0 _aFantasmas /
_cJoe Hill ; tr. Laura Vidal.
260 _aMéxico :
_bSantillana,
_c2009.
300 _a405 p.
440 0 _aSuma de letras
534 _pTítulo original:
_t20th century ghosts
650 4 _aCuentos estadounidenses
_912811
650 4 _aCuentos de terror
_92404
905 _aLibro
999 _c148273
_d148273